000 01031nam0a22002651 4500
001 rc\4702205
005 20250612010004.0
021 _aRU
_b[60-79036]
035 _a(NLR Aleph) 008433552
090 _a9432733
_c9432733
100 _a20130416d1960 |||y0rusy50 ca
101 0 _arus
102 _aRU
105 _ay z |||||
200 1 _aОбщественно-политические взгляды В.Г. Белинского
_fО-во по распространению полит. и науч. знаний РСФСР. Ленингр. отд-ние
210 _aЛенинград
_cБ. и.
_d1960
215 _a80 с.
_d20
300 _aПеред загл. авт.: канд. ист. наук С.С. Степанищев
700 1 _aСтепанищев
_bС.С.
_gСергей Семенович
702 1 _aБелинский
_bВ.Г.
_f1811-1848
_gВиссарион Григорьевич
_4570
801 0 _aRU
_bNLR
_gpsbo
801 1 _aRU
_bELAR
_2rusmarc
852 _aNLR
_j60-4/14771
942 _cBOOK
980 _aNB